Category Elimination - Clash Royale #1 - Statistics

General Stats
  • This quiz has been taken 7,420 times
  • The average score is 10 of 20
Answer Stats
Group # Category % Correct
Green Categories 36 Cards that can target air troops
99%
Green Categories 21 ... that cost 4 or 5 elixir
94%
Green Categories 13 ... that move at Medium speed
83%
Orange Categories 38 Cards that use Melee damage
68%
Orange Categories 19 ... that are of the Common or Rare rarities
65%
Blue Categories 34 Cards that contain the letter S
63%
Green Categories 7 ... that contain the letter C
58%
Orange Categories 10 ... that have less than 1000 HP
56%
Blue Categories 16 ... that are not of the Common rarity
55%
Orange Categories 4 ... that can fly
50%
Purple Categories 42 Cards included in the Clash Royale launch
50%
Purple Categories 19 ... that are unlocked in Arena 3 or lower
49%
Purple Categories 8 ... that spawn more than one troop
46%
Blue Categories 8 ... that deal area damage
41%
Green Categories 1 ... that can fly Electro Dragon
36%
Purple Categories 3 ... that are made up of two words
33%
Orange Categories 1 ... that deal over 300 damage per hit Mega Minion
33%
Blue Categories 4 ... that cost 3 or 4 elixir
24%
Purple Categories 1 ... that don't involve Goblins Skeleton Army
22%
Blue Categories 1 ... that are predominantly red Poison
8%
No matching quizzes found
Score Distribution
Percent of People with Each Score
Percentile by Number Answered
Your Score History
You have not taken this quiz